<?xml version="1.0" encoding="UTF-8"?><?xml-stylesheet type="text/xsl" href="static/style.xsl"?><OAI-PMH xmlns="http://www.openarchives.org/OAI/2.0/" xmlns:xsi="http://www.w3.org/2001/XMLSchema-instance" xsi:schemaLocation="http://www.openarchives.org/OAI/2.0/ http://www.openarchives.org/OAI/2.0/OAI-PMH.xsd"><responseDate>2026-04-17T05:12:19Z</responseDate><request verb="GetRecord" identifier="oai:www.recercat.cat:10230/58801" metadataPrefix="marc">https://recercat.cat/oai/request</request><GetRecord><record><header><identifier>oai:recercat.cat:10230/58801</identifier><datestamp>2025-12-13T21:27:24Z</datestamp><setSpec>com_2072_6</setSpec><setSpec>col_2072_452952</setSpec></header><metadata><record xmlns="http://www.loc.gov/MARC21/slim" xmlns:dcterms="http://purl.org/dc/terms/" xmlns:xsi="http://www.w3.org/2001/XMLSchema-instance" xmlns:doc="http://www.lyncode.com/xoai" xsi:schemaLocation="http://www.loc.gov/MARC21/slim http://www.loc.gov/standards/marcxml/schema/MARC21slim.xsd">
   <leader>00925njm 22002777a 4500</leader>
   <datafield ind2=" " ind1=" " tag="042">
      <subfield code="a">dc</subfield>
   </datafield>
   <datafield ind2=" " ind1=" " tag="720">
      <subfield code="a">Inoriza, José María</subfield>
      <subfield code="e">author</subfield>
   </datafield>
   <datafield ind2=" " ind1=" " tag="720">
      <subfield code="a">Ibañez, Annabel</subfield>
      <subfield code="e">author</subfield>
   </datafield>
   <datafield ind2=" " ind1=" " tag="720">
      <subfield code="a">Pérez-Berruezo, Xavier</subfield>
      <subfield code="e">author</subfield>
   </datafield>
   <datafield ind2=" " ind1=" " tag="720">
      <subfield code="a">Inoriza-Nadal, Cristina</subfield>
      <subfield code="e">author</subfield>
   </datafield>
   <datafield ind2=" " ind1=" " tag="720">
      <subfield code="a">Coderch, Jordi</subfield>
      <subfield code="e">author</subfield>
   </datafield>
   <datafield ind2=" " ind1=" " tag="260">
      <subfield code="c">2024-01-23T07:22:15Z</subfield>
   </datafield>
   <datafield ind2=" " ind1=" " tag="260">
      <subfield code="c">2024-01-23T07:22:15Z</subfield>
   </datafield>
   <datafield ind2=" " ind1=" " tag="260">
      <subfield code="c">2017</subfield>
   </datafield>
   <datafield ind2=" " ind1=" " tag="520">
      <subfield code="a">Objetivo. Evaluar si pacientes diabéticos tipo 2 con insulina y autocontrol (DIA) incluidos en un programa de gestión integrada de la diabetes mellitus (DM) con seguimiento telemático alcanzan un grado de control metabólico a los 12 meses mejor que los no incluidos, así como el impacto en la utilización y el coste de servicios sanitarios, consumo de fármacos y tiras reactivas. Diseño. Estudio prospectivo de cohortes paralelas. Emplazamiento. Cuatro áreas básicas de salud de una organización sanitaria integrada. Participantes. Ciento veintiséis pacientes DIA de 15 o más años en tratamiento con insulina rápida o intermedia con autocontroles: 42 casos y 84 controles emparejados según edad, sexo, grado de control de la DM y perfil de morbilidad. Intervención. Comunicación telemática médico-paciente y volcado de glucemias mediante la plataforma Emminens eConecta®; suministro a domicilio de tiras reactivas según consumo. Controles ocultos, con seguimiento habitual. Mediciones principales. Hemoglobina glucosilada (% HbA1c); percepción de calidad de vida (EuroQol-5 y EsDQOL); riesgo cardiovascular; utilización de recursos sanitarios; consumo de tiras reactivas y medicamentos; gasto sanitario total. Resultados. Reducción de %HbA1c en casos respecto a controles de 0,38% (IC95% −0,89% a 0,12%). Sin diferencias significativas respecto a ninguna de las actividades registradas, ni cambios significativos en la calidad de vida. Conclusiones. Los resultados obtenidos no difieren de otros estudios equiparables. El perfil es de un paciente anciano y pluripatológico que tiene todavía limitaciones tecnológicas. Para superar estas barreras se debería dedicar más tiempo a la formación y a la resolución de problemas tecnológicos.</subfield>
   </datafield>
   <datafield tag="653" ind2=" " ind1=" ">
      <subfield code="a">Diabetes mellitus</subfield>
   </datafield>
   <datafield tag="653" ind2=" " ind1=" ">
      <subfield code="a">Telemedicina</subfield>
   </datafield>
   <datafield tag="653" ind2=" " ind1=" ">
      <subfield code="a">Calidad de vida</subfield>
   </datafield>
   <datafield tag="653" ind2=" " ind1=" ">
      <subfield code="a">Automonitorización de la glucosa sanguínea</subfield>
   </datafield>
   <datafield ind2="0" ind1="0" tag="245">
      <subfield code="a">Efectividad e impacto económico de un programa de atención integrada con soporte de telemedicina a pacientes diabéticos tipo 2 tratados con insulina (estudio GITDIABE)</subfield>
   </datafield>
   <datafield ind2="0" ind1="0" tag="245">
      <subfield code="a">Effectiveness and economic impact of a program of integrated care with telemedicine support on insulin-treated type 2 diabetic patients (Study GITDIABE)</subfield>
   </datafield>
</record></metadata></record></GetRecord></OAI-PMH>